Online Catalogue and eLibrary

Images in my mirror : (Record no. 5851)

MARC details
000 -LEADER
fixed length control field 00446nam a2200157Ia 4500
005 - DATE AND TIME OF LATEST TRANSACTION
control field 20250123033819.0
008 - FIXED-LENGTH DATA ELEMENTS--GENERAL INFORMATION
fixed length control field 240331s9999 xx 000 0 und d
020 ## - INTERNATIONAL STANDARD BOOK NUMBER
ISBN 9780199063369
082 ## - DDC Classification
Item Number - Author Mark DAW
Class No. 920
100 ## - MAIN ENTRY--PERSONAL NAME
Personal name Dawood, Attiya ,
245 #0 - TITLE STATEMENT
Title Images in my mirror :
Remainder of title autobiography of a Sindhi Poet
260 ## - PUBLICATION, DISTRIBUTION, ETC.
Place of publication, distribution, etc. New York
Name of publisher, distributor, etc. Oxford University Press
Date of publication, distribution, etc. 2012
300 ## - PHYSICAL DESCRIPTION
Extent (e.g. Volumes, Pages etc.) xii, 219 p .,
500 ## - GENERAL NOTE
General note Autobiography of a Sindhi Poet
942 ## - Koha item type (Biblio)
Koha item type Books in Stacks (Lending)
Holdings
Lost status Damaged status Collection code Home library Current library Shelving location Date acquired Full call number Accession Number Item type
    Lending WERC Library WERC Library Social Science Cupboard 03/31/2024 920 DAW 6849 Books in Stacks (Lending)

© WERC Library